000 00746nam a2200277Ia 4500
001 Z_4332
003 CHAP
008 220113s1983 xx 000 0 und d
010 _a167402
040 _cCHAP
090 _aFolleto 27
100 _aCentro de Investigación Pecuarias del Estado de Sonora
_9141588
245 _a¿Es posible destetar en los agostaderos crías de 7 meses que pesen más de 200 kilogramos? /
_cpor CIPES
260 _aCarbo, Sonora :
_bEl centro,
_c1983
300 _a20 p. ; ilus.
440 _aRancho; 1 (7-8)
_994549
500 _a
503 _a
650 _aBecerros
_xDestete I. t.
_9141593
901 _aFolleto 27
902 _aA
910 _a1983
942 _cc14
942 _cc14
999 _c167402
_d167402